Baghdād wa-al-thūwār. (Record no. 47502)

MARC details
000 -LEADER
fixed length control field 00490cam a22002051 4500
001 - CONTROL NUMBER
control field ne 64002652
003 - CONTROL NUMBER IDENTIFIER
control field DLC
005 - DATE AND TIME OF LATEST TRANSACTION
control field 20260227111805.0
008 - FIXED-LENGTH DATA ELEMENTS--GENERAL INFORMATION
fixed length control field 881028s1963 xx 000 0 arar
010 ## - LIBRARY OF CONGRESS CONTROL NUMBER
LC control number ne 64002652
035 ## - SYSTEM CONTROL NUMBER
System control number (OCoLC)23490039
040 ## - CATALOGING SOURCE
Original cataloging agency DLC
Transcribing agency MiU
Modifying agency DLC
042 ## - AUTHENTICATION CODE
Authentication code premarc
050 00 - LIBRARY OF CONGRESS CALL NUMBER
Classification number PJ7814.T34
Item number B3
100 1# - MAIN ENTRY--PERSONAL NAME
Personal name ʻAṭawī, Fawzī
245 10 - TITLE STATEMENT
Title Baghdād wa-al-thūwār.
260 ## - PUBLICATION, DISTRIBUTION, ETC.
Place of publication, distribution, etc. [n. p.]
Date of publication, distribution, etc. [1963]
300 ## - PHYSICAL DESCRIPTION
Extent 111 p.
Dimensions 18 cm.
500 ## - GENERAL NOTE
General note Romanized.

No items available.

Powered by Koha